书目信息 |
| 书名: | On acting | |
| 作者: | edited by Mary Luckhurst and Chloe Veltman. | |
| 分册号: | ||
| 分册名: | 出版地: | London ; |
|
| 出版社: | Faber and Faber | |
| 出版时间: | 2001. | |
| 页数: | xii, 153 p. ; | |
| 开本: | 22 cm. | |
| 丛书名: | ||
| 中图分类号: | ||
| 科图分类号: | ||
| 其他分类号: | J903 | |
| 主题词: | ||
| 电子资源: | ||
| 000 | 00795cam a2200265 a 450 | |
| 001 | E0739265686 | |
| 005 | 20070709110955.28 | |
| 008 | 010410s2001 enk e 000 0deng | |
| 010 | @a2003447841 | |
| 020 | @a0571206565 (pbk.). | |
| 035 | @a(UkLWHE)b000108827 | |
| 040 | @aDLC@cDLC@dDLC | |
| 043 | @ae-uk---@an-us--- | |
| 050 | 00 | @aPN2055@b.O47 2001 |
| 082 | 00 | @a792.02/8@2 22 |
| 090 | @aJ903 | |
| 099 | @dJ903@ex63 | |
| 245 | 00 | @aOn acting :@binterviews with actors / @cedited by Mary Luckhurst and Chloe Veltman. |
| 260 | @aLondon ;@aNew York :@bFaber and Faber,@c2001. | |
| 300 | @axii, 153 p. ;@c22 cm. | |
| 650 | 0 | @aActing. |
| 650 | 0 | @aActors@zUnited States@vInterviews. |
| 650 | 0 | @aActors@zGreat Britain@vInterviews. |
| 700 | 1 | @aVeltman, Chloe. |
| 700 | 1 | @aLuckhurst, Mary. |
| On acting : : interviews with actors / / edited by Mary Luckhurst and Chloe Veltman.-London ; ; New York : : Faber and Faber, , 2001. |
| xii, 153 p. ; ; 22 cm. |
| ISBN 0571206565 (pbk.). |
| ● |
| 相关链接 |
|
|
|
|
正题名:On acting
索取号:J903/x63
 
预约/预借
| 序号 | 登录号 | 条形码 | 馆藏地/架位号 | 状态 | 备注 |
| 1 | 0011736 | 300117362 | 第二样本阅览室/ [索取号:J903/x63] | 在馆 |